<?xml version="1.0" encoding="UTF-8"?>
<record
    xmlns:xsi="http://www.w3.org/2001/XMLSchema-instance"
    xsi:schemaLocation="http://www.loc.gov/MARC21/slim http://www.loc.gov/standards/marcxml/schema/MARC21slim.xsd"
    xmlns="http://www.loc.gov/MARC21/slim">

  <leader>01542nam a2200301 i 4500</leader>
  <controlfield tag="003">DO-SdBNP</controlfield>
  <controlfield tag="005">20240416150005.0</controlfield>
  <controlfield tag="007">ta</controlfield>
  <controlfield tag="008">211029b2021    dr d ||| |||| 00| 0 spa d</controlfield>
  <datafield tag="020" ind1=" " ind2=" ">
    <subfield code="a">9789945621402</subfield>
  </datafield>
  <datafield tag="040" ind1=" " ind2=" ">
    <subfield code="a">DO-SdBNP</subfield>
    <subfield code="b">spa</subfield>
    <subfield code="c">BNPHU</subfield>
    <subfield code="e">rda</subfield>
  </datafield>
  <datafield tag="082" ind1=" " ind2=" ">
    <subfield code="2">22</subfield>
  </datafield>
  <datafield tag="110" ind1="1" ind2=" ">
    <subfield code="a">Rep&#xFA;blica Dominicana.</subfield>
    <subfield code="b">Ministerio de Salud P&#xFA;blica y Asistencia Social.</subfield>
    <subfield code="9">78774</subfield>
  </datafield>
  <datafield tag="245" ind1="1" ind2="0">
    <subfield code="a">Manual de intervenci&#xF3;n para modelos diferenciados de tratamiento integral dirigido a la poblaci&#xF3;n con VIH / </subfield>
    <subfield code="c">coordinaci&#xF3;n t&#xE9;cnica y editorial ; Monica Cristina Thormann Peynado.</subfield>
  </datafield>
  <datafield tag="264" ind1=" " ind2="1">
    <subfield code="a">Santo Domingo : </subfield>
    <subfield code="b">Ministerio de Salud P&#xFA;blica y Asistencia Social,</subfield>
    <subfield code="c">2021.</subfield>
  </datafield>
  <datafield tag="300" ind1=" " ind2=" ">
    <subfield code="a">37 p&#xE1;ginas</subfield>
    <subfield code="b">graficas</subfield>
    <subfield code="c">26 cm. </subfield>
  </datafield>
  <datafield tag="336" ind1=" " ind2=" ">
    <subfield code="2">rdacontent</subfield>
    <subfield code="a">texto</subfield>
    <subfield code="b">txt</subfield>
  </datafield>
  <datafield tag="337" ind1=" " ind2=" ">
    <subfield code="2">rdamedia</subfield>
    <subfield code="a">sin mediaci&#xF3;n</subfield>
    <subfield code="b">n</subfield>
  </datafield>
  <datafield tag="338" ind1=" " ind2=" ">
    <subfield code="2">rdacarrier</subfield>
    <subfield code="a">volumen</subfield>
    <subfield code="b">nc</subfield>
  </datafield>
  <datafield tag="504" ind1=" " ind2=" ">
    <subfield code="a">Bibliograf&#xED;a : p. 35-37</subfield>
  </datafield>
  <datafield tag="505" ind1="0" ind2=" ">
    <subfield code="g">Cap&#xED;tulo 1. </subfield>
    <subfield code="t">Marco conceptual del Modelo Diferenciado de Atenci&#xF3;n para VIH --</subfield>
    <subfield code="g">Cap&#xED;tulo 2.</subfield>
    <subfield code="t">Clasificaci&#xF3;n general de los usuarios de los Modelos diferenciados </subfield>
    <subfield code="g">Cap&#xED;tulo 3.</subfield>
    <subfield code="t">Modelos Diferenciados para usuarios estables --</subfield>
    <subfield code="g">Cap&#xED;tulo 4. </subfield>
    <subfield code="t">Modelo Diferenciado de Atenci&#xF3;n para usuarios inestables --</subfield>
    <subfield code="g">Cap&#xED;tulo 5. </subfield>
    <subfield code="t">Modelo Diferenciado de Atenci&#xF3;n para poblaci&#xF3;n clave --</subfield>
    <subfield code="t">Anexos.</subfield>
  </datafield>
  <datafield tag="590" ind1=" " ind2=" ">
    <subfield code="a">Inventariado, 2021 /LP

</subfield>
  </datafield>
  <datafield tag="700" ind1="1" ind2=" ">
    <subfield code="a">Thormann Peynado, Monica Cristina,</subfield>
    <subfield code="e">coordinador</subfield>
    <subfield code="9">80408</subfield>
  </datafield>
  <datafield tag="700" ind1="1" ind2=" ">
    <subfield code="a">Ledesma B&#xE1;ez, Jos&#xE9;,</subfield>
    <subfield code="e">coord.</subfield>
    <subfield code="9">80392</subfield>
  </datafield>
  <datafield tag="700" ind1="1" ind2=" ">
    <subfield code="a">Jim&#xE9;nez Mont&#xE1;s, Marisol,</subfield>
    <subfield code="e">coord. </subfield>
    <subfield code="9">80391</subfield>
  </datafield>
  <datafield tag="910" ind1=" " ind2=" ">
    <subfield code="a">Lop&#xE9;rez</subfield>
  </datafield>
  <datafield tag="942" ind1=" " ind2=" ">
    <subfield code="2">ddc</subfield>
    <subfield code="c">LF2</subfield>
  </datafield>
  <datafield tag="952" ind1=" " ind2=" ">
    <subfield code="0">0</subfield>
    <subfield code="1">0</subfield>
    <subfield code="2">ddc</subfield>
    <subfield code="5">1</subfield>
    <subfield code="7">0</subfield>
    <subfield code="8">DS-F</subfield>
    <subfield code="a">BNPHU</subfield>
    <subfield code="b">BNPHU</subfield>
    <subfield code="c">HD</subfield>
    <subfield code="d">2021-10-29</subfield>
    <subfield code="e">Dep&#xF3;sito Legal </subfield>
    <subfield code="l">0</subfield>
    <subfield code="p">2021-27695</subfield>
    <subfield code="r">2021-10-29</subfield>
    <subfield code="w">2021-10-29</subfield>
    <subfield code="y">LF2</subfield>
  </datafield>
  <datafield tag="952" ind1=" " ind2=" ">
    <subfield code="0">0</subfield>
    <subfield code="1">0</subfield>
    <subfield code="2">ddc</subfield>
    <subfield code="5">1</subfield>
    <subfield code="7">0</subfield>
    <subfield code="8">DS-F</subfield>
    <subfield code="a">BNPHU</subfield>
    <subfield code="b">BNPHU</subfield>
    <subfield code="c">HD</subfield>
    <subfield code="d">2021-10-29</subfield>
    <subfield code="e">Dep&#xF3;sito Legal </subfield>
    <subfield code="l">0</subfield>
    <subfield code="p">2021-27696</subfield>
    <subfield code="r">2021-10-29</subfield>
    <subfield code="t">e.2</subfield>
    <subfield code="w">2021-10-29</subfield>
    <subfield code="y">LF2</subfield>
  </datafield>
  <datafield tag="952" ind1=" " ind2=" ">
    <subfield code="0">0</subfield>
    <subfield code="1">0</subfield>
    <subfield code="2">ddc</subfield>
    <subfield code="5">6</subfield>
    <subfield code="7">0</subfield>
    <subfield code="8">DS</subfield>
    <subfield code="a">BNPHU</subfield>
    <subfield code="b">BNPHU</subfield>
    <subfield code="c">HD</subfield>
    <subfield code="d">2021-10-29</subfield>
    <subfield code="e">Dep&#xF3;sito Legal </subfield>
    <subfield code="l">0</subfield>
    <subfield code="o"> BNPHU DS</subfield>
    <subfield code="p">2024-2306</subfield>
    <subfield code="r">2024-04-16</subfield>
    <subfield code="t">e. 3</subfield>
    <subfield code="w">2021-10-29</subfield>
    <subfield code="y">LF2</subfield>
  </datafield>
  <datafield tag="999" ind1=" " ind2=" ">
    <subfield code="c">50834</subfield>
    <subfield code="d">50834</subfield>
  </datafield>
</record>
